Postavenie a ochrana spotrebiteľa na spotrebiteľskom trhu
Charakteristika pojmov spotrebiteľ, spotrebiteľský trh, spotrebiteľské správanie, model spotrebiteľského správania, výrobca, výrobok, služba, reklamácia a záručná doba výrobkov a služieb. Práva spotrebiteľa a povinnosti predávajúceho. Slovenská legislatíva a orgány na ochranu spotrebiteľov.
Guardado en:
| Autor principal: | |
|---|---|
| Otros Autores: | |
| Formato: | Capítulo de libro |
| Lenguaje: | eslovaco |
| Materias: | |
| Etiquetas: |
Sin Etiquetas, Sea el primero en etiquetar este registro!
|
MARC
| LEADER | 00000nla a2200000 4500 | ||
|---|---|---|---|
| 001 | 0240552 | ||
| 005 | 20240502073919.2 | ||
| 041 | 0 | |a slo | |
| 044 | |a SK | ||
| 245 | 1 | 0 | |a Postavenie a ochrana spotrebiteľa na spotrebiteľskom trhu |c Zuzana Lukáčová, Martin Mucha |
| 520 | |a Charakteristika pojmov spotrebiteľ, spotrebiteľský trh, spotrebiteľské správanie, model spotrebiteľského správania, výrobca, výrobok, služba, reklamácia a záručná doba výrobkov a služieb. Práva spotrebiteľa a povinnosti predávajúceho. Slovenská legislatíva a orgány na ochranu spotrebiteľov. | ||
| 610 | 2 | 0 | |a trh spotrebiteľský |
| 610 | 2 | 0 | |a spotrebitelia |
| 610 | 2 | 0 | |a ochrana spotrebiteľa |
| 610 | 2 | 0 | |a správanie spotrebiteľa |
| 610 | 2 | 0 | |a tovar |
| 610 | 2 | 0 | |a služby |
| 610 | 2 | 0 | |a reklamácie |
| 610 | 2 | 0 | |a Slovensko |
| 610 | 2 | 0 | |a výrobcovia |
| 610 | 2 | 0 | |a doba záručná |
| 610 | 2 | 0 | |a legislatíva |
| 100 | 1 | |a Lukáčová, Zuzana | |
| 700 | 1 | |a Mucha, Martin | |